Central Library OPAC University of Rajshahi

Two ears of corn, two blades of grass / (Record no. 16010)

MARC details
000 -LEADER
fixed length control field 00759nam a22002651 4500
001 - CONTROL NUMBER
control field 16010
003 - CONTROL NUMBER IDENTIFIER
rucl marc code BD-RjUL
005 - DATE AND TIME OF LATEST TRANSACTION
control field 20211208235931.0
008 - FIXED-LENGTH DATA ELEMENTS--GENERAL INFORMATION
fixed length control field 140211s1955 nyu 001 0 eng
035 ## - SYSTEM CONTROL NUMBER
System control number (BD-RjUL)16065
System control number (OCoLC)565890
040 ## - CATALOGING SOURCE
Original cataloging agency DLC
Transcribing agency ODaWU
Modifying agency Uk
-- DLC
-- BD-RjUL
Language of cataloging eng
041 ## - LANGUAGE CODE
Language code of text/sound track or separate title eng
082 ## - DEWEY DECIMAL CLASSIFICATION NUMBER
Classification number 660
Author mark and year KIT 1955
100 1# - MAIN ENTRY--PERSONAL NAME
Personal name Killeffer, David H.
Fuller form of name (David Herbert),
Dates associated with a name 1895-
9 (RLIN) 49587
245 10 - TITLE STATEMENT
Title Two ears of corn, two blades of grass /
Statement of responsibility, etc. David H. Killeffer
260 ## - PUBLICATION, DISTRIBUTION, ETC. (IMPRINT)
Place of publication, distribution, etc. New York :
Name of publisher, distributor, etc. Van Nostrand,
Date of publication, distribution, etc. c1955.
300 ## - PHYSICAL DESCRIPTION
Pagination x, 139 p. :
Illustrations ill. ;
Size 23 cm.
505 ## - FORMATTED CONTENTS NOTE
Formatted contents note Includes index.
650 #0 - SUBJECT ADDED ENTRY--TOPICAL TERM
Topical term or geographic name as entry element Chemistry, Technical.
9 (RLIN) 49588
Topical term or geographic name as entry element Chemurgy.
9 (RLIN) 49589
942 ## - ADDED ENTRY ELEMENTS (KOHA)
Source of classification or shelving scheme Dewey Decimal Classification
Koha item type Books
Holdings
Lost status Source of classification or shelving scheme Damaged status Not for loan Collection code Permanent Location Current Location Shelving location Date acquired Source of acquisition Total Checkouts Full call number Date last seen Copy number Koha item type
  Dewey Decimal Classification   Not For Loan Non-fiction Central Library, University of Rajshahi Central Library, University of Rajshahi Reading Room 28/02/1958 USIS, Dacca.   660 KIT 1955 11/02/2014 C-1 Books